| 000 | 00801nam0a22002891 4500 | ||
|---|---|---|---|
| 001 | RU\NLR\A1SV\104546 | ||
| 005 | 20251203171251.9 | ||
| 035 | _a(NLR Aleph) 009785899 | ||
| 090 |
_a10115412 _c10115412 |
||
| 100 | _a20100616d1925 u y0rusy50 ca | ||
| 101 | 0 | _arus | |
| 102 | _aRU | ||
| 200 | 1 |
_aБюджет Советского государства _fС.Рабинович |
|
| 210 |
_aСвердловск _cУралкнига _d1925 |
||
| 215 |
_a48 с. _d16 см |
||
| 225 |
_aКрест. б-ка _vКн.20 |
||
| 620 | _dЕкатеринбург | ||
| 700 | 1 |
_aРабинович _bС. |
|
| 801 | 0 |
_aRU _bNLR _c20100616 |
|
| 852 |
_aNLR _j72/3103 |
||
| 852 |
_aNLR _j72/3103а |
||
| 899 | _aРГБ | ||
| 899 | _aКирОУНБ | ||
| 942 | _cBOOK | ||
| 980 | _aNB | ||
| 980 | _aA1SV | ||